Detalles MARC
| 000 -CABECERA |
| campo de control de longitud fija |
01461nam a2200313 i 4500 |
| 001 - NÚMERO DE CONTROL |
| campo de control |
000048610 |
| 003 - IDENTIFICADOR DEL NÚMERO DE CONTROL |
| campo de control |
DO-SdBNP |
| 005 - FECHA Y HORA DE LA ÚLTIMA TRANSACCIÓN |
| campo de control |
20260330110723.0 |
| 007 - CAMPO FIJO DE DESCRIPCIÓN FÍSICA--INFORMACIÓN GENERAL |
| campo de control de longitud fija |
ta |
| 008 - DATOS DE LONGITUD FIJA--INFORMACIÓN GENERAL |
| campo de control de longitud fija |
190403s2017 dr acd 000 m spa d |
| 020 ## - NÚMERO INTERNACIONAL ESTÁNDAR DEL LIBRO |
| Número Internacional Estándar del Libro |
9789945167900 |
| 040 ## - FUENTE DE LA CATALOGACIÓN |
| Centro catalogador/agencia de origen |
DO-SdBNP |
| Lengua de catalogación |
spa |
| Centro/agencia transcriptor |
BNPHU |
| Normas de descripción |
rda |
| 041 ## - CÓDIGO DE LENGUA |
| Código de lengua del texto/banda sonora o título independiente |
spa |
| 082 ## - NÚMERO DE LA CLASIFICACIÓN DECIMAL DEWEY |
| Número de clasificación |
xxxx |
| Número de documento/Ítem |
G934s |
| Número de edición |
22 |
| 100 1# - ENTRADA PRINCIPAL--NOMBRE DE PERSONA |
| Nombre de persona |
Guerrero, Daniel |
| Término indicativo de función/relación |
autor |
| 9 (RLIN) |
52897 |
| 245 13 - MENCIÓN DE TÍTULO |
| Título |
La sombra del libre comercio : |
| Resto del título |
cambios dentro de la economía mundial / |
| Mención de responsabilidad, etc. |
Daniel Guerrero ; prólogo Jaime Estay. |
| 264 ## - PRODUCCIÓN, PUBLICACIÓN, DISTRIBUCIÓN, FABRICACIÓN Y COPYRIGHT |
| Producción, publicación, distribución, fabricación y copyright |
Santo Domingo : |
| Nombre del de productor, editor, distribuidor, fabricante |
Búho, |
| Fecha de producción, publicación, distribución, fabricación o copyright |
2017. |
| 300 ## - DESCRIPCIÓN FÍSICA |
| Extensión |
338 páginas : |
| Otras características físicas |
ilustraciones, retratos, gráficos ; |
| Dimensiones |
23 cm. |
| 336 ## - TIPO DE CONTENIDO |
| Término de tipo de contenido |
rdacontent |
| Código de tipo de contenido |
texto |
| Fuente |
txt |
| 337 ## - TIPO DE MEDIO |
| Nombre/término del tipo de medio |
rdamedia |
| Código del tipo de medio |
sin mediación |
| Fuente |
n |
| 338 ## - TIPO DE SOPORTE |
| Nombre/término del tipo de soporte |
rdacarrier |
| Código del tipo de soporte |
volumen |
| Fuente |
nc |
| 500 ## - NOTA GENERAL |
| Nota general |
Incluye referencias bibliográficas y notas al pie de las páginas |
| 500 ## - NOTA GENERAL |
| Nota general |
Incluye datos biográficos del autor en las solapas |
| 505 0# - NOTA DE CONTENIDO CON FORMATO |
| Nota de contenido con formato |
Dedicatoria -- |
| Título |
Prólogo -- |
| -- |
Introducción |
| Información miscelánea |
Capítulo 1 |
| Título |
Por la ruta del libre comercio -- |
| Información miscelánea |
Capítulo 2 |
| Título |
Impacto de las asimetrías económicas -- |
| Información miscelánea |
Capítulo 3 |
| Título |
Obstáculos al comercio internacional -- |
| Información miscelánea |
Capítulo 4 |
| Título |
Epílogo: ¿ Adiós a los mega-acuerdos comerciales -- |
| -- |
Anexos |
| -- |
Anexos I: Bases programáticas de Donald Trump -- |
| -- |
Anexos II: Organigrama de la OMC |
| -- |
Anexos III: Fragmento de documento de la CEPAL-- |
| 590 ## - NOTA LOCAL (RLIN) |
| Nota local |
Inventariado, 2019/LP |
| 700 1# - PUNTO DE ACCESO ADICIONAL--NOMBRE DE PERSONA |
| Nombre de persona |
Estay, Jaime, |
| Término indicativo de función/relación |
prologuita |
| 9 (RLIN) |
76065 |
| Código de función/relación |
pr. |
| 910 ## - DATOS DE OPCIÓN DEL USUARIO (OCLC) |
| Datos de opción del usuario |
LP |
| 942 ## - ELEMENTOS DE PUNTO DE ACCESO ADICIONAL (KOHA) |
| Fuente del sistema de clasificación o colocación |
Dewey Decimal Classification |
| Tipo de ítem Koha |
Libro |